000
00312nam a2200133Ia 4500
008
230312s9999||||xx |||||||||||||| ||und||
082
_a
616.995
_b
TUL-T
100
_a
Tuli;S,M
245
0
_a
Tuberculosis of The Spine
260
_b
Tuli
_a
india
_c
1975
300
_a
163
650
_a
Medical
_v
Radiology
942
_c
BK
999
_c
3090
_d
3090